|
|
|
|
| LEADER |
00000cam a2200000 a 4500 |
| 001 |
vtls010317141 |
| 003 |
SK-MaSNL |
| 005 |
20260301032123.0 |
| 008 |
240315s2011 xo bl f 001 0 slo |
| 015 |
|
|
|a SNBA2012/07-04198
|
| 020 |
|
|
|a 9788022532273
|q (brož.)
|
| 035 |
|
|
|a C681241F-75F7-484A-BC70-E33B583CDFDC
|
| 035 |
|
|
|a urn:nbn:sk:snk-amjit4
|
| 035 |
|
|
|a urn:nbn:sk:snk-am002c20
|
| 040 |
|
|
|a SNK
|b slo
|c SNK
|e AACR2
|
| 041 |
0 |
|
|a slo
|
| 043 |
|
|
|a aw-----
|
| 044 |
|
|
|a xo
|c SK
|
| 072 |
|
7 |
|a 327
|x Medzinárodné vzťahy, svetová politika
|2 konspekt
|
| 080 |
|
|
|a 327
|2 2001
|
| 080 |
|
|
|a (5-15)
|2 2001
|
| 080 |
|
|
|a (048.8)
|2 2001
|
| 100 |
1 |
|
|a Sorby, Karol R.,
|d 1939-
|4 aut
|9 85665
|
| 245 |
1 |
0 |
|a Blízky východ v medzinárodnej politike (1971-1990)
|c Karol R. Sorby, Karol Sorby, ml.
|
| 260 |
|
|
|a Bratislava
|b Ekonóm
|c 2011
|
| 300 |
|
|
|a 265 s.
|b mp., tab.
|c 21 cm
|
| 366 |
|
|
|e 150 výt.
|
| 504 |
|
|
|a Bibliogr. odkazy. Bibliogr. s. 245-258. Pozn. Reg.
|
| 648 |
|
7 |
|a 1971-1990
|2 SNKPH
|9 314881
|
| 650 |
0 |
7 |
|a medzinárodná politika
|2 SNKPH
|9 4293
|
| 651 |
|
7 |
|a Blízky východ
|2 SNKPH
|9 60147
|
| 651 |
|
7 |
|a Middle East
|2 SNKPHeng
|9 327732
|
| 655 |
|
7 |
|a monografie
|2 SNKPH
|9 70139
|
| 655 |
|
7 |
|a Monographs
|2 SNKPHeng
|9 120675
|
| 700 |
1 |
|
|a Sorby, Karol,
|d 1973-
|4 aut
|9 131741
|
| 852 |
|
|
|a Štátna vedecká knižnica v Banskej Bystrici
|
| 919 |
|
|
|a 978-80-225-3227-3
|
| 958 |
|
|
|a NB
|
| 968 |
|
|
|d 32
|
| 999 |
|
|
|c 577850
|d 579780
|
| 952 |
|
|
|a SNK
|b SNK
|y PREZ
|7 0
|p 17A0993321
|o snkSC 149593
|i snk2012/9872
|8 0
|0 0
|1 0
|4 0
|d 2012-05-25
|l 0
|r 2025-07-18 00:00:00
|w 2026-02-23
|
| 952 |
|
|
|a SNK
|b SNK
|y VYP
|7 0
|p 17A0993322
|o snkSC 149593 D1
|i snk2012/9873
|8 0
|0 0
|1 0
|4 0
|d 2012-05-25
|f 1
|l 0
|r 2026-02-23 14:39:22
|w 2026-02-23
|